[Event "Scarborough CC Winter End U1400"]
[Site "Toronto CAN"]
[Date "2012.03.15"]
[Round "5"]
[White "Liu, Daniel1"]
[Black "Magee, Michael"]
[Result "1/2-1/2"]
[WhiteElo "1019"]
[BlackElo "619"]
[PlyCount "96"]
[GameId "2160767909576422"]
[EventDate "2012.02.16"]
[EventType "swiss"]
[EventRounds "5"]
[EventCountry "CAN"]
[SourceTitle "EXT 2022"]
[Source "ChessBase"]
[SourceDate "2021.10.06"]
[SourceVersion "1"]
[SourceVersionDate "2021.10.06"]
[SourceQuality "1"]

1. e4 e5 2. Nf3 Nc6 3. Bc4 Bc5 4. b4 Bxb4 5. c3 Ba5 6. d4 exd4 7. Nxd4 Nf6 8. Bg5 h6 9. Bxf6 Qxf6 10. O-O O-O 11. Bb5 a6 12. Bxc6 dxc6 13. Re1 Re8 14. a3 c5 15. Qh5 Bxc3 16. e5 Qg6 17. Qxg6 fxg6 18. Nxc3 cxd4 19. Nd5 Rf8 20. Nxc7 Rb8 21. e6 Bxe6 22. Nxe6 Rf6 23. Nxd4 Rbf8 24. f3 b5 25. f4 Rd6 26. Nb3 Rxf4 27. Re8+ Kh7 28. g3 Rf3 29. Nc5 Rdf6 30. Ra8 R3f5 31. Nxa6 g5 32. Nc7 g4 33. Rb8 Rf2 34. Nxb5 Rb2 35. a4 Rff2 36. a5 Rg2+ 37. Kf1 Rxh2 38. Kg1 Rhg2+ 39. Kh1 Rxg3 40. a6 Rh3+ 41. Kg1 Rhh2 42. a7 Rhg2+ 43. Kh1 Rh2+ 44. Kg1 Rbg2+ 45. Kf1 Rf2+ 46. Kg1 Rhg2+ 47. Kh1 Rh2+ 48. Kg1 Rfg2+ 1/2-1/2

[Event "Scarborough CC Winter End U1400"]
[Site "Toronto CAN"]
[Date "2012.03.15"]
[Round "5"]
[White "Mendrinos, Ari"]
[Black "Mahoney, Sean"]
[Result "1-0"]
[WhiteElo "1311"]
[BlackElo "904"]
[PlyCount "52"]
[GameId "2160767909576423"]
[EventDate "2012.02.16"]
[EventType "swiss"]
[EventRounds "5"]
[EventCountry "CAN"]
[SourceTitle "EXT 2022"]
[Source "ChessBase"]
[SourceDate "2021.10.06"]
[SourceVersion "1"]
[SourceVersionDate "2021.10.06"]
[SourceQuality "1"]

1. c4 e6 2. Nc3 d6 3. g3 Nf6 4. Bg2 d5 5. cxd5 exd5 6. e3 d4 7. exd4 Qxd4 8. Qa4+ Qxa4 9. Nxa4 Bd6 10. Ne2 O-O 11. O-O Na6 12. a3 Bg4 13. Re1 c6 14. Nac3 Rfe8 15. f3 Be6 16. d3 Nc5 17. Rd1 Bf5 18. d4 Nb3 19. Ra2 Be6 20. Nf4 Bxf4 21. Bxf4 Nxd4 22. Rxd4 Bxa2 23. Nxa2 Re1+ 24. Kf2 Rae8 25. Rd2 Rb1 26. Rc2 Rbe1 1-0

[Event "Scarborough CC Winter End U1400"]
[Site "Toronto CAN"]
[Date "2012.03.15"]
[Round "5"]
[White "Ming, Wenyang"]
[Black "Sekar, Varun"]
[Result "0-1"]
[WhiteElo "1253"]
[BlackElo "1255"]
[PlyCount "120"]
[GameId "2160767909576424"]
[EventDate "2012.02.16"]
[EventType "swiss"]
[EventRounds "5"]
[EventCountry "CAN"]
[SourceTitle "EXT 2022"]
[Source "ChessBase"]
[SourceDate "2021.10.06"]
[SourceVersion "1"]
[SourceVersionDate "2021.10.06"]
[SourceQuality "1"]

1. e4 e5 2. Nf3 Nc6 3. Bc4 Bc5 4. Nc3 Nf6 5. d3 h6 6. Be3 Bxe3 7. fxe3 d6 8. Qd2 Bd7 9. O-O-O Na5 10. Bb3 Nxb3+ 11. axb3 Bc6 12. h3 Qd7 13. g4 g5 14. Rdf1 Qe6 15. Ne2 O-O-O 16. Ng3 Rhf8 17. Rf2 Rd7 18. Rhf1 Nh7 19. Nf5 Qg6 20. Ng1 h5 21. Ne2 hxg4 22. hxg4 f6 23. Rh1 Qe8 24. Rfh2 Rff7 25. Neg3 b6 26. Nh5 Qd8 27. Nhg7 Nf8 28. Nh5 Rh7 29. Nhg3 Rxh2 30. Rxh2 Rh7 31. Rxh7 Nxh7 32. Qh2 Qd7 33. Qh6 Qf7 34. Nh5 Bd7 35. Qg7 Qxg7 36. Nhxg7 Nf8 37. Kd2 Bxf5 38. exf5 Nd7 39. e4 c6 40. c4 Kd8 41. Ne6+ Ke7 42. d4 exd4 43. Nxd4 Ne5 44. Ke2 Kd7 45. Nf3 Nxg4 46. b4 Ne5 47. Nxe5+ dxe5 48. b3 a5 49. b5 cxb5 50. cxb5 Kd6 51. Kd3 Kc5 52. Kc3 Kxb5 53. Kd3 Kb4 54. Kc2 b5 55. Kd3 Kxb3 56. Ke3 a4 57. Kf3 a3 58. Kg4 a2 59. Kf3 a1=Q 60. Kg4 Qh1 0-1

[Event "Scarborough CC Winter End U1400"]
[Site "Toronto CAN"]
[Date "2012.03.15"]
[Round "5"]
[White "Nasirov, Ildar"]
[Black "Marcelino, Daryl"]
[Result "1-0"]
[WhiteElo "1118"]
[BlackElo "973"]
[PlyCount "79"]
[GameId "2160767909576425"]
[EventDate "2012.02.16"]
[EventType "swiss"]
[EventRounds "5"]
[EventCountry "CAN"]
[SourceTitle "EXT 2022"]
[Source "ChessBase"]
[SourceDate "2021.10.06"]
[SourceVersion "1"]
[SourceVersionDate "2021.10.06"]
[SourceQuality "1"]

1. e4 e5 2. Nf3 Qe7 3. Nc3 c6 4. d4 d6 5. d5 c5 6. Bb5+ Bd7 7. Bxd7+ Qxd7 8. O-O Nf6 9. Qe2 a6 10. b3 Be7 11. h3 O-O 12. Be3 b5 13. a4 b4 14. Na2 Nxe4 15. Qd3 f5 16. c3 bxc3 17. Nxc3 Nxc3 18. Qxc3 e4 19. Ng5 Bf6 20. Qc4 Bxa1 21. Rxa1 h6 22. Ne6 Rf7 23. b4 a5 24. bxc5 dxc5 25. Nxc5 Qd6 26. Nb3 Na6 27. Nxa5 Rc7 28. Nc6 Nb8 29. Qb5 Nxc6 30. dxc6 Rxc6 31. Qxf5 Rc4 32. Bf4 Qf6 33. Qd5+ Qf7 34. Qxa8+ Kh7 35. Rc1 Rd4 36. Be5 Rd2 37. Qxe4+ g6 38. Rc7 Rd1+ 39. Kh2 Rd7 40. Qa8 1-0

[Event "Scarborough CC Winter End U1400"]
[Site "Toronto CAN"]
[Date "2012.03.15"]
[Round "5"]
[White "Pakerathan, Thurvan"]
[Black "Ming, Qing"]
[Result "0-1"]
[WhiteElo "956"]
[BlackElo "1087"]
[PlyCount "118"]
[GameId "2160767909576426"]
[EventDate "2012.02.16"]
[EventType "swiss"]
[EventRounds "5"]
[EventCountry "CAN"]
[SourceTitle "EXT 2022"]
[Source "ChessBase"]
[SourceDate "2021.10.06"]
[SourceVersion "1"]
[SourceVersionDate "2021.10.06"]
[SourceQuality "1"]

1. e4 c5 2. Nf3 d6 3. Bb5+ Bd7 4. Bc4 Nf6 5. d3 Bb5 6. Bg5 Bxc4 7. dxc4 Nc6 8. Bxf6 gxf6 9. O-O Rg8 10. Nc3 Ne5 11. Rc1 Bh6 12. Rb1 Qd7 13. Nxe5 fxe5 14. Nb5 a6 15. Nc3 Bf4 16. Qf3 h5 17. Nd5 Qc6 18. Nxf4 exf4 19. Qxf4 O-O-O 20. f3 Qd7 21. Qf5 e6 22. Qxh5 Rh8 23. Qg4 Rdg8 24. Qf4 Qe7 25. Rbd1 e5 26. Qf5+ Kc7 27. Rf2 Rh4 28. f4 f6 29. g3 Qf7 30. b3 Rh5 31. Qxh5 Qxh5 32. Rd5 Qg4 33. fxe5 fxe5 34. Rf7+ Kc6 35. Rf6 Rd8 36. a4 Qxe4 37. c3 Qe3+ 38. Kg2 Qxc3 39. h4 Qxb3 40. h5 Qxc4 41. Rxe5 Qc2+ 42. Kh3 Rh8 43. h6 Qh7 44. Ree6 Qd7 45. Kh4 Kd5 46. Rxd6+ Qxd6 47. Rxd6+ Kxd6 48. Kh5 Ke6 49. Kg6 c4 50. Kg7 Rd8 51. h7 c3 52. h8=Q Rxh8 53. Kxh8 c2 54. g4 c1=Q 55. Kg7 Qf4 56. Kg6 Qxg4+ 57. Kh6 Kf6 58. Kh7 Kf7 59. Kh6 Qg6# 0-1

[Event "Scarborough CC Winter End U1400"]
[Site "Toronto CAN"]
[Date "2012.03.15"]
[Round "5"]
[White "Paraparan, Varshini"]
[Black "Balendra, Harigaran"]
[Result "0-1"]
[WhiteElo "1126"]
[BlackElo "1213"]
[PlyCount "96"]
[GameId "2160767909576427"]
[EventDate "2012.02.16"]
[EventType "swiss"]
[EventRounds "5"]
[EventCountry "CAN"]
[SourceTitle "EXT 2022"]
[Source "ChessBase"]
[SourceDate "2021.10.06"]
[SourceVersion "1"]
[SourceVersionDate "2021.10.06"]
[SourceQuality "1"]

1. e4 c5 2. Nf3 d6 3. Bc4 Bg4 4. h3 Bh5 5. O-O Nf6 6. Re1 e6 7. c3 Be7 8. d4 cxd4 9. cxd4 O-O 10. Nc3 Nc6 11. d5 Ne5 12. Be2 exd5 13. exd5 Ned7 14. Nh2 Bg6 15. Ng4 Re8 16. Nxf6+ Bxf6 17. Bf3 Rc8 18. Ne4 Be5 19. Nd2 Qb6 20. Nf1 Bc2 21. Qd2 Nf6 22. Ne3 Bg6 23. Ng4 Rc2 24. Nxf6+ gxf6 25. Qd1 Qxf2+ 26. Kh1 Qg3 27. Rxe5 Rxe5 28. Bd2 Rc8 29. Bc3 Rf5 30. Bg4 Rf2 31. Qg1 Rc4 32. Be1 Rcc2 33. Bxf2 Qxf2 34. Qxf2 Rxf2 35. b3 Be4 36. Bf3 Bxf3 37. gxf3 Rxf3 38. Rc1 Rxh3+ 39. Kg2 Rh5 40. Rc8+ Kg7 41. Rc7 Rxd5 42. a4 Rd2+ 43. Kf3 Rd3+ 44. Ke4 Rxb3 45. Rd7 Rb4+ 46. Kf3 Rxa4 47. Rxd6 Rb4 48. Kg3 Rb6 0-1

[Event "Scarborough CC Winter End U1400"]
[Site "Toronto CAN"]
[Date "2012.03.15"]
[Round "5"]
[White "Patel, Alay"]
[Black "Kaneshalingam, Mathanhe"]
[Result "1/2-1/2"]
[WhiteElo "890"]
[BlackElo "1009"]
[PlyCount "69"]
[GameId "2160767909576428"]
[EventDate "2012.02.16"]
[EventType "swiss"]
[EventRounds "5"]
[EventCountry "CAN"]
[SourceTitle "EXT 2022"]
[Source "ChessBase"]
[SourceDate "2021.10.06"]
[SourceVersion "1"]
[SourceVersionDate "2021.10.06"]
[SourceQuality "1"]

1. e4 c5 2. Nf3 Nc6 3. Nc3 e5 4. Be2 Nf6 5. O-O d6 6. Bc4 Bg4 7. h3 Bh5 8. d3 h6 9. Nd5 Be7 10. g4 Bg6 11. Nh2 O-O 12. g5 hxg5 13. Bxg5 Nxd5 14. exd5 Bxg5 15. dxc6 bxc6 16. Qf3 d5 17. Bb3 e4 18. dxe4 Bxe4 19. Qg4 Qf6 20. h4 Bxh4 21. f3 Bg6 22. c4 dxc4 23. Bxc4 Qd4+ 24. Qxd4 cxd4 25. Rfd1 c5 26. Rac1 Bg5 27. Ra1 Kh7 28. Kf2 f5 29. Rh1 Bh6 30. Bd5 Rad8 31. Be6 Rfe8 32. Bc4 Re3 33. f4 Be8 34. Nf3 Bc6 35. Ng5+ 1/2-1/2

[Event "Scarborough CC Winter End U1400"]
[Site "Toronto CAN"]
[Date "2012.03.15"]
[Round "5"]
[White "Pulogarajah, Kaarthic"]
[Black "Magee, Bruce"]
[Result "0-1"]
[WhiteElo "1015"]
[BlackElo "792"]
[PlyCount "102"]
[GameId "2160767909576429"]
[EventDate "2012.02.16"]
[EventType "swiss"]
[EventRounds "5"]
[EventCountry "CAN"]
[SourceTitle "EXT 2022"]
[Source "ChessBase"]
[SourceDate "2021.10.06"]
[SourceVersion "1"]
[SourceVersionDate "2021.10.06"]
[SourceQuality "1"]

1. e4 Nf6 2. e5 Nd5 3. d4 d6 4. Nf3 dxe5 5. dxe5 Bf5 6. Bd3 Bxd3 7. cxd3 Nc6 8. O-O e6 9. a3 h6 10. d4 Be7 11. Nc3 g5 12. Re1 Nxc3 13. bxc3 Qd5 14. Rb1 b6 15. a4 O-O-O 16. Qb3 Qxb3 17. Rxb3 g4 18. Nd2 a5 19. Re4 h5 20. Ba3 Bxa3 21. Rxa3 Rdg8 22. Rb3 h4 23. Rf4 Rg7 24. Ne4 Ne7 25. c4 Nf5 26. Rd3 Rd8 27. d5 Ne7 28. d6 Nc6 29. d7+ Rxd7 30. Rxd7 Kxd7 31. Nf6+ Ke7 32. Nxg4 Rg8 33. h3 Rh8 34. c5 Nb4 35. cxb6 cxb6 36. Rc4 Nd5 37. Rd4 Rd8 38. f4 Rb8 39. Nh6 Ne3 40. Kf2 Nf5 41. Nxf5+ exf5 42. Rd6 b5 43. axb5 Rxb5 44. Rf6 a4 45. Rxf5 Rb2+ 46. Kf3 a3 47. e6 f6 48. Ra5 a2 49. Rxa2 Rxa2 50. Kg4 Rxg2+ 51. Kxh4 Kxe6 0-1

[Event "Scarborough CC Winter End U1400"]
[Site "Toronto CAN"]
[Date "2012.03.15"]
[Round "5"]
[White "Thanabalachandran, Luxiga"]
[Black "Roy, Harrison"]
[Result "1/2-1/2"]
[WhiteElo "909"]
[BlackElo "855"]
[PlyCount "87"]
[GameId "2160767909576430"]
[EventDate "2012.02.16"]
[EventType "swiss"]
[EventRounds "5"]
[EventCountry "CAN"]
[SourceTitle "EXT 2022"]
[Source "ChessBase"]
[SourceDate "2021.10.06"]
[SourceVersion "1"]
[SourceVersionDate "2021.10.06"]
[SourceQuality "1"]

1. e4 e5 2. Nf3 Nc6 3. Bb5 a6 4. Ba4 Nf6 5. Nc3 b5 6. Bb3 d6 7. O-O Bg4 8. d3 Nd4 9. h3 Nxf3+ 10. gxf3 Bxh3 11. Re1 Nh5 12. f4 Nxf4 13. Bxf4 exf4 14. Qh5 Qd7 15. e5 Qg4+ 16. Qxg4 Bxg4 17. exd6+ Kd7 18. dxc7 Kxc7 19. Bxf7 Bc5 20. Nd5+ Kc6 21. Nxf4 Raf8 22. Bd5+ Kd6 23. Ne6 Bxf2+ 24. Kg2 Bxe1 25. Nxf8 Rxf8 26. Rxe1 Kxd5 27. Re7 Rc8 28. c3 h5 29. Rxg7 b4 30. Rg5+ Ke6 31. cxb4 Rc2+ 32. Kg3 Rxb2 33. Rg6+ Kd7 34. Rxa6 Rxb4 35. a4 Be2 36. Ra7+ Kc8 37. a5 Bxd3 38. a6 Bxa6 39. Rxa6 h4+ 40. Kh3 Kb7 41. Rh6 Rb1 42. Rxh4 Rh1+ 43. Kg4 Rxh4+ 44. Kxh4 1/2-1/2

[Event "Scarborough CC Winter End U1400"]
[Site "Toronto CAN"]
[Date "2012.03.15"]
[Round "5"]
[White "Wang, Yanning"]
[Black "Roy, Lawrence"]
[Result "1-0"]
[WhiteElo "1047"]
[BlackElo "1004"]
[PlyCount "32"]
[GameId "2160767909576431"]
[EventDate "2012.02.16"]
[EventType "swiss"]
[EventRounds "5"]
[EventCountry "CAN"]
[SourceTitle "EXT 2022"]
[Source "ChessBase"]
[SourceDate "2021.10.06"]
[SourceVersion "1"]
[SourceVersionDate "2021.10.06"]
[SourceQuality "1"]

1. e4 e5 2. Nf3 Nf6 3. Nc3 Bb4 4. a3 Bxc3 5. dxc3 Nc6 6. Bb5 d6 7. Bg5 O-O 8. Qd2 Nxe4 9. Bxd8 Nxd2 10. Bxc7 Nxf3+ 11. gxf3 d5 12. Bxc6 bxc6 13. Rg1 Bb7 14. Bxe5 g6 15. O-O-O Rad8 16. Bf6 Rd7 1-0

[Event "Scarborough CC Winter End U1800"]
[Site "Toronto CAN"]
[Date "2012.02.16"]
[Round "1"]
[White "Azizi, Hamid"]
[Black "Verde, Pino"]
[Result "0-1"]
[WhiteElo "1409"]
[BlackElo "1607"]
[PlyCount "66"]
[GameId "2160767909576432"]
[EventDate "2012.02.16"]
[EventType "swiss"]
[EventRounds "5"]
[EventCountry "CAN"]
[SourceTitle "EXT 2022"]
[Source "ChessBase"]
[SourceDate "2021.10.06"]
[SourceVersion "1"]
[SourceVersionDate "2021.10.06"]
[SourceQuality "1"]

1. b4 e5 2. Bb2 d6 3. e4 Nf6 4. Nc3 c6 5. Nf3 Qb6 6. a3 Ng4 7. Qe2 a5 8. Na4 Qa7 9. b5 cxb5 10. Qxb5+ Bd7 11. Qc4 Qxf2+ 12. Kd1 b5 13. Qe2 Qxe2+ 14. Kxe2 bxa4 15. h3 Nf6 16. Ke3 Bc6 17. d3 g6 18. g4 Nbd7 19. Be2 Nc5 20. g5 Nfd7 21. Nd2 d5 22. d4 Nxe4 23. Nxe4 dxe4 24. Bc4 exd4+ 25. Bxd4 Bc5 26. Rhf1 Bxd4+ 27. Kxd4 Rf8 28. Rae1 Rd8 29. Bd5 Bxd5 30. Kxd5 f5 31. gxf6 Nxf6+ 32. Ke6 Nd7 33. c4 Nc5+ 0-1

[Event "Scarborough CC Winter End U1800"]
[Site "Toronto CAN"]
[Date "2012.02.16"]
[Round "1"]
[White "Azmitia, Gabriel"]
[Black "Termeer, Ted"]
[Result "1/2-1/2"]
[WhiteElo "1573"]
[BlackElo "1352"]
[PlyCount "91"]
[GameId "2160767909576433"]
[EventDate "2012.02.16"]
[EventType "swiss"]
[EventRounds "5"]
[EventCountry "CAN"]
[SourceTitle "EXT 2022"]
[Source "ChessBase"]
[SourceDate "2021.10.06"]
[SourceVersion "1"]
[SourceVersionDate "2021.10.06"]
[SourceQuality "1"]

1. Nf3 d5 2. d4 e6 3. a3 c5 4. e3 c4 5. a4 Nc6 6. c3 Nf6 7. b3 cxb3 8. Qxb3 Bd6 9. Bd3 a6 10. O-O Qc7 11. Nbd2 h6 12. Qc2 g5 13. Ba3 Bxa3 14. Rxa3 Qe7 15. Raa1 g4 16. Ne1 Nh7 17. f4 f5 18. g3 h5 19. Ng2 Nf6 20. c4 Nb4 21. Qc3 Nxd3 22. Qxd3 Ne4 23. Nh4 Nxd2 24. Qxd2 Kf7 25. Rfb1 Qc7 26. c5 Bd7 27. Kf2 a5 28. Rb6 Bc6 29. Qc2 Kf6 30. Rh1 Rhb8 31. Rhb1 Qd7 32. Ra1 Qc7 33. Ng2 Rh8 34. Rh1 Qd7 35. Ra1 Rhb8 36. Rab1 Kf7 37. Ne1 Rh8 38. Nd3 Kf6 39. Ne5 Qc7 40. R6b5 h4 41. Rg1 hxg3+ 42. hxg3 Rh2+ 43. Rg2 Rxg2+ 44. Kxg2 Qh7 45. Kg1 Rh8 46. Qg2 1/2-1/2

[Event "Scarborough CC Winter End U1800"]
[Site "Toronto CAN"]
[Date "2012.02.16"]
[Round "1"]
[White "Dattani, Dinesh"]
[Black "Vyravanathan, Sobiga"]
[Result "0-1"]
[WhiteElo "1312"]
[BlackElo "1539"]
[PlyCount "84"]
[GameId "2160767909576434"]
[EventDate "2012.02.16"]
[EventType "swiss"]
[EventRounds "5"]
[EventCountry "CAN"]
[SourceTitle "EXT 2022"]
[Source "ChessBase"]
[SourceDate "2021.10.06"]
[SourceVersion "1"]
[SourceVersionDate "2021.10.06"]
[SourceQuality "1"]

1. g3 e5 2. e4 Nf6 3. Bg2 Bc5 4. Nc3 O-O 5. Nf3 Nc6 6. d3 Be7 7. O-O d6 8. d4 Bg4 9. dxe5 dxe5 10. Re1 Qxd1 11. Rxd1 Nd4 12. Rxd4 exd4 13. Nxd4 c6 14. e5 Nd7 15. Bf4 Bc5 16. Nce2 Rfe8 17. h3 Bxe2 18. Nxe2 Nxe5 19. Rd1 Ng6 20. Rd2 Nxf4 21. Nxf4 Rad8 22. Nd3 Bd4 23. b4 Bc3 24. Rd1 Bxb4 25. Rb1 Bc3 26. Rxb7 Bd4 27. Bxc6 Re2 28. Ba4 g6 29. Bb3 Bb6 30. Rxf7 Kh8 31. Nb4 a5 32. Nd5 Bd4 33. Nf6 Bxf6 34. Rxf6 Ra8 35. c4 a4 36. Kf1 Rb2 37. Rb6 axb3 38. axb3 Rc8 39. Rb5 Kg8 40. c5 Rf8 41. c6 Rfxf2+ 42. Kg1 Rfc2 0-1

[Event "Scarborough CC Winter End U1800"]
[Site "Toronto CAN"]
[Date "2012.02.16"]
[Round "1"]
[White "Gillis, Doug"]
[Black "Aghamalian, Leonid"]
[Result "1-0"]
[WhiteElo "1612"]
[BlackElo "1425"]
[PlyCount "60"]
[GameId "2160767909576435"]
[EventDate "2012.02.16"]
[EventType "swiss"]
[EventRounds "5"]
[EventCountry "CAN"]
[SourceTitle "EXT 2022"]
[Source "ChessBase"]
[SourceDate "2021.10.06"]
[SourceVersion "1"]
[SourceVersionDate "2021.10.06"]
[SourceQuality "1"]

1. d4 d5 2. Nc3 Nf6 3. Bg5 e6 4. e4 dxe4 5. Nxe4 Be7 6. Bxf6 Bxf6 7. Nf3 O-O 8. c3 b6 9. Bd3 Nd7 10. Qe2 Bb7 11. O-O-O a5 12. h4 Qe7 13. Kb1 a4 14. Bc2 c5 15. Qd3 Bxe4 16. Qxe4 g6 17. Ne5 cxd4 18. Nc6 Qc5 19. Nxd4 Ne5 20. h5 a3 21. hxg6 fxg6 22. Nxe6 Qa5 23. Bb3 axb2 24. Ng5+ Nf7 25. Nxh7 Kg7 26. Nxf8 Rxf8 27. Rd3 Rc8 28. Bxf7 Kxf7 29. Rh7+ Bg7 30. Rd2 Kg8 1-0

[Event "Scarborough CC Winter End U1800"]
[Site "Toronto CAN"]
[Date "2012.02.16"]
[Round "1"]
[White "Graham, John"]
[Black "Armstrong, Robert J"]
[Result "0-1"]
[WhiteElo "1446"]
[BlackElo "1649"]
[PlyCount "84"]
[GameId "2160767909576436"]
[EventDate "2012.02.16"]
[EventType "swiss"]
[EventRounds "5"]
[EventCountry "CAN"]
[SourceTitle "EXT 2022"]
[Source "ChessBase"]
[SourceDate "2021.10.06"]
[SourceVersion "1"]
[SourceVersionDate "2021.10.06"]
[SourceQuality "1"]

1. d4 g6 2. Nc3 Bg7 3. Nf3 c5 4. Bf4 cxd4 5. Nd5 Qa5+ 6. c3 Qxd5 7. cxd4 Nc6 8. e3 d6 9. b3 Bg4 10. Be2 Qa5+ 11. Nd2 Bf5 12. O-O e5 13. Nc4 Qd5 14. dxe5 Qxd1 15. Rfxd1 dxe5 16. Nd6+ Kf8 17. Bg3 b6 18. Bf3 e4 19. Nxf5 gxf5 20. Rac1 exf3 21. Rxc6 fxg2 22. Rd7 Nf6 23. Bd6+ Kg8 24. Rdc7 h5 25. Be5 Ng4 26. Bf4 Be5 27. Rd7 Bxf4 28. exf4 h4 29. h3 Nh6 30. Rdd6 Kg7 31. Kxg2 Rae8 32. Kf3 Re1 33. Rd7 Rg8 34. Rxa7 Kh7 35. Rxb6 Rh1 36. Raa6 Rxh3+ 37. Ke2 Re8+ 38. Kf1 Ng4 39. Rb7 Rh1+ 40. Kg2 Rh2+ 41. Kf1 Rxf2+ 42. Kg1 Re1# 0-1

[Event "Scarborough CC Winter End U1800"]
[Site "Toronto CAN"]
[Date "2012.02.16"]
[Round "1"]
[White "Guo, Tan"]
[Black "Karpik, Steve"]
[Result "0-1"]
[WhiteElo "1642"]
[BlackElo "1431"]
[PlyCount "72"]
[GameId "2160767909576437"]
[EventDate "2012.02.16"]
[EventType "swiss"]
[EventRounds "5"]
[EventCountry "CAN"]
[SourceTitle "EXT 2022"]
[Source "ChessBase"]
[SourceDate "2021.10.06"]
[SourceVersion "1"]
[SourceVersionDate "2021.10.06"]
[SourceQuality "1"]

1. e4 d6 2. d4 Nf6 3. Nc3 g6 4. Nf3 Bg7 5. Be2 O-O 6. O-O a6 7. a4 Nc6 8. Bf4 Re8 9. Re1 Kh8 10. Bc4 e6 11. e5 Ng8 12. Ng5 Nh6 13. h4 d5 14. Be2 Ne7 15. h5 Rf8 16. Qd2 Neg8 17. Nd1 Nf5 18. Ne3 Nxe3 19. Qxe3 h6 20. Nh3 g5 21. Nxg5 hxg5 22. Bxg5 f6 23. Bf4 fxe5 24. dxe5 Qh4 25. g4 Bd7 26. Ra3 d4 27. Qd2 Bc6 28. f3 Rxf4 29. Qxf4 Bh6 30. Qf7 Qxe1+ 31. Bf1 Qg3+ 32. Bg2 Be3+ 33. Rxe3 dxe3 34. h6 Qf2+ 35. Kh1 Qh4+ 36. Kg1 Qxh6 0-1

[Event "Scarborough CC Winter End U1800"]
[Site "Toronto CAN"]
[Date "2012.02.16"]
[Round "1"]
[White "Kurkowski, Ken"]
[Black "Cui, Gordon"]
[Result "1-0"]
[WhiteElo "1598"]
[BlackElo "1388"]
[PlyCount "117"]
[GameId "2160767909576438"]
[EventDate "2012.02.16"]
[EventType "swiss"]
[EventRounds "5"]
[EventCountry "CAN"]
[SourceTitle "EXT 2022"]
[Source "ChessBase"]
[SourceDate "2021.10.06"]
[SourceVersion "1"]
[SourceVersionDate "2021.10.06"]
[SourceQuality "1"]

1. d4 d5 2. c4 dxc4 3. Nf3 Nf6 4. e3 e6 5. Bxc4 c5 6. O-O Nc6 7. Nc3 Be7 8. dxc5 Qxd1 9. Rxd1 Bxc5 10. a3 O-O 11. b4 Be7 12. Bb2 e5 13. h3 Bf5 14. Nd5 Nxd5 15. Bxd5 e4 16. Nd4 Nxd4 17. Bxd4 Rfb8 18. Be5 Re8 19. Bxb7 Rad8 20. Rac1 Rd3 21. Rxd3 exd3 22. Bd4 Bf6 23. Bxf6 gxf6 24. Rd1 Rd8 25. e4 Be6 26. Bd5 Kf8 27. Rxd3 Bxd5 28. exd5 Ke7 29. f4 Kd6 30. Kf2 Re8 31. Kf3 f5 32. g4 fxg4+ 33. hxg4 Re1 34. g5 Re7 35. Re3 a6 36. Rxe7 Kxe7 37. Ke4 f6 38. a4 fxg5 39. fxg5 Kf7 40. Kf5 Ke7 41. b5 axb5 42. axb5 Kd6 43. b6 Kd7 44. b7 Kc7 45. Ke6 Kxb7 46. Ke7 Kc7 47. d6+ Kc8 48. d7+ Kc7 49. d8=Q+ Kc6 50. Ke6 Kc5 51. Qd5+ Kb4 52. Qc6 Kb3 53. Qc5 Kb2 54. Qc4 Kb1 55. Qe2 Kc1 56. Kd5 Kb1 57. Kc4 h5 58. Kb3 Kc1 59. Qc2# 1-0

[Event "Scarborough CC Winter End U1800"]
[Site "Toronto CAN"]
[Date "2012.02.16"]
[Round "1"]
[White "Maister, Martin"]
[Black "Liang, Phillip"]
[Result "1-0"]
[WhiteElo "1727"]
[BlackElo "1532"]
[PlyCount "121"]
[GameId "2160767909576439"]
[EventDate "2012.02.16"]
[EventType "swiss"]
[EventRounds "5"]
[EventCountry "CAN"]
[SourceTitle "EXT 2022"]
[Source "ChessBase"]
[SourceDate "2021.10.06"]
[SourceVersion "1"]
[SourceVersionDate "2021.10.06"]
[SourceQuality "1"]

1. e4 c5 2. Nf3 Nc6 3. c3 Nf6 4. d3 d5 5. e5 Nd7 6. d4 e6 7. a3 a5 8. Bd3 Be7 9. O-O O-O 10. Be3 h6 11. Qc1 c4 12. Bc2 a4 13. Bxh6 f6 14. exf6 Nxf6 15. Bg5 Bd7 16. Re1 Na5 17. Ne5 b5 18. Nd2 Nb7 19. Ng6 Rf7 20. Nxe7+ Qxe7 21. Nf3 Rff8 22. Ne5 Be8 23. Qe3 Nd6 24. Qh3 Nde4 25. Bh4 Qd6 26. f3 Nd2 27. Bxf6 Rxf6 28. Qh7+ Kf8 29. Qh8+ Ke7 30. Qxg7+ Bf7 31. Nxf7 Rxf7 32. Qg5+ Kd7 33. Qxd2 Rh8 34. g3 Rxf3 35. Re5 Qf8 36. Rae1 Rh6 37. Bd1 Rf7 38. Qe2 Rff6 39. Rf1 Rxf1+ 40. Qxf1 Rf6 41. Qg2 Kd6 42. Bg4 Qh6 43. Qe2 Qc1+ 44. Kg2 Qh6 45. Rxe6+ Rxe6 46. Qxe6+ Qxe6 47. Bxe6 Kxe6 48. Kf3 Kf5 49. g4+ Kg5 50. Kg3 Kg6 51. h4 Kf6 52. Kf4 Ke6 53. g5 Kf7 54. Kf5 Ke7 55. g6 Ke8 56. Kf6 Kd7 57. g7 Kc6 58. g8=Q Kb6 59. Qxd5 Ka5 60. Qb7 b4 61. axb4# 1-0

[Event "Scarborough CC Winter End U1800"]
[Site "Toronto CAN"]
[Date "2012.02.16"]
[Round "1"]
[White "Smith, Maurice"]
[Black "Li, Yinshi"]
[Result "0-1"]
[WhiteElo "1496"]
[BlackElo "1691"]
[PlyCount "80"]
[GameId "2160767909576440"]
[EventDate "2012.02.16"]
[EventType "swiss"]
[EventRounds "5"]
[EventCountry "CAN"]
[SourceTitle "EXT 2022"]
[Source "ChessBase"]
[SourceDate "2021.10.06"]
[SourceVersion "1"]
[SourceVersionDate "2021.10.06"]
[SourceQuality "1"]

1. d4 d5 2. c4 c6 3. Nc3 Nf6 4. Bf4 dxc4 5. a4 Nd5 6. Bd2 Nxc3 7. Bxc3 b5 8. e3 e6 9. axb5 cxb5 10. Ba5 Qd7 11. Bd2 Bb7 12. Nf3 f6 13. Be2 Bd6 14. O-O O-O 15. Qc2 a6 16. Rad1 Nc6 17. b3 cxb3 18. Qxb3 Ne7 19. Bb4 Bxb4 20. Qxb4 Nd5 21. Qd2 Rfc8 22. Rc1 Rxc1 23. Rxc1 Rc8 24. Ne1 Rxc1 25. Qxc1 Qc8 26. Qd2 Qc3 27. Qd1 Nb4 28. h3 Bc6 29. Kh2 a5 30. Nf3 a4 31. Nd2 a3 32. Nb3 Qc2 33. Na1 Qxd1 34. Bxd1 Bd5 35. f3 Nd3 36. Be2 Bc4 37. Bd1 b4 38. e4 Nc1 39. Nc2 a2 40. Na1 b3 0-1